UM Logo

Flavors of the Philippines: (Record no. 2265)

MARC details
000 -LEADER
fixed length control field 00525nam a2200145 4500
008 - FIXED-LENGTH DATA ELEMENTS--GENERAL INFORMATION
fixed length control field 160503b xxu||||| |||| 00| 0 eng d
020 ## - INTERNATIONAL STANDARD BOOK NUMBER
International Standard Book Number 9789712718694
082 ## - DEWEY DECIMAL CLASSIFICATION NUMBER
Edition number 2007
Classification number DFil 641.5
Item number B24f
100 ## - MAIN ENTRY--PERSONAL NAME
9 (RLIN) 7422
Personal name Barretto, Glenda Rosales
245 ## - TITLE STATEMENT
Title Flavors of the Philippines:
Remainder of title a culinary guide to the best of the islands/
Statement of responsibility, etc. Glenda Rosales-Barretto
260 ## - PUBLICATION, DISTRIBUTION, ETC. (IMPRINT)
Place of publication, distribution, etc. Pasig City:
Name of publisher, distributor, etc. Anvil Publishing,
Date of publication, distribution, etc. c2007.
300 ## - PHYSICAL DESCRIPTION
Extent 111 pages:
Other physical details color illustrations;
Dimensions 28 cm.
650 #0 - SUBJECT ADDED ENTRY--TOPICAL TERM
9 (RLIN) 7423
Topical term or geographic name as entry element Cookery, Philippines
942 ## - ADDED ENTRY ELEMENTS (KOHA)
Source of classification or shelving scheme Dewey Decimal Classification
Koha item type Filipiniana
Holdings
Withdrawn status Lost status Source of classification or shelving scheme Damaged status Not for loan Collection code Home library Current library Date acquired Source of acquisition Total Checkouts Full call number Barcode Date last seen Copy number Price effective from Koha item type
    Dewey Decimal Classification     Filipiniana UM Digos College - LIC UM Digos College - LIC 10/24/2008 Purchased   DFil 641.5 B24f 2007 19796 05/15/2025 1 05/03/2016 Filipiniana